000 00419pam a2200157 a 4500
020 _a978-93-5110-591-6
_c
041 _aeng
082 _a348.73
_bRAJ / DES
100 _aRajwade, A V.
245 _aForeign Exchange, International finance
_hTextual Documents
250 _a2nd 2014.
260 _aNew Delhi
_bShroff Publishers & Distributors Pvt. Ltd.
300 _a406.
700 _aDesai, H G.
930 _a24723
999 _c143447
_d143447